00467nam a2200169 i 4500001000300000245003000003260003800033300002200071500006000093040000800153041000800161080001400169942000700183008004100190999001700231952004900248bg 0aFizika oblakov i osadkov. aMoskva :bGidrometeoizdat,c1971. as. 168 :bilustr. aTrudy Central'noj Aerologiceskoj Observatorii. Vyp. 95. cBPK apol a551.5:577 cKS s pl f |000 0 pol  c14112d14112 00104070aBPKbBPKcwo12176p01758955yKS